• 首页
  • 本馆介绍
  • 公告通知
  • 最新文献
  • 馆藏检索
  • 电子资源
  • 读者导购
  • 参考咨询
  • 我的图书馆
  • 登录
  • 详细信息显示
  • 放入我的书架
  • 预约/预借图书
  • 作者相关作品
  • 分类相关作品
  • 丛书相关作品
  • 出版社相关作品

书目信息

  • 表格格式
  • 工作单格式
  • 卡片格式
题名:
国际贸易与国际金融
    
 
作者: 盛洪昌 主编
分册:  
出版信息: 北京   中国时代经济出版社  2008
页数: 228页
开本: 23cm
丛书名:
单 册:
中图分类: F74 , F831
科图分类:
主题词: 国际贸易--高等学校--教材 , 国际金融--高等学校--教材
电子资源:
ISBN: 978-7-80221-662-4
000 00971nam0 2200265 45
005 20100303110942.84
010    @a978-7-80221-662-4@dCNY29.00
100    @a20100120d2008 em y0chiy50 ea
101 0  @achi
102    @aCN@b110000
105    @aak z 000yy
106    @ar
200 1  @a国际贸易与国际金融@AGuo Ji Mao Yi Yu Guo Ji Jin Rong@f盛洪昌主编@FSheng Hong Chang Zhu Bian
210    @a北京@c中国时代经济出版社@d2008
215    @a228页@c图@d23cm
300    @a高等院校非专业课系列教材
320    @a本书第228页附有书目
330    @a本书共分十二章,主要内容包括:国际贸易基本理论、国际贸易政策与措施、国际贸易协定与组织、国际贸易发展趋势、国际贸易术语、国际货物买卖合同条款、国际货物贸易合同的签订与履行、国际贸易谈判等。
606 0  @a国际贸易@x高等学校@j教材
606 0  @a国际金融@x高等学校@j教材
690    @aF74@v4
690    @aF831@v4
701  0 @a盛洪昌@ASheng Hong Chang@4主编
801  0 @aCN@bTANGWEI@c20100303
905    @b0584521-25@dF74@e107@f5
    
    国际贸易与国际金融/盛洪昌主编.-北京:中国时代经济出版社,2008
    228页:图;23cm
    高等院校非专业课系列教材
    
    ISBN 978-7-80221-662-4:CNY29.00
    本书共分十二章,主要内容包括:国际贸易基本理论、国际贸易政策与措施、国际贸易协定与组织、国际贸易发展趋势、国际贸易术语、国际货物买卖合同条款、国际货物贸易合同的签订与履行、国际贸易谈判等。
●
相关链接 在E读中查询图书 在五车中查询图书 在当当中查询图书 在豆瓣中查询图书


正题名:国际贸易与国际金融     索取号:F74/107         预约/预借

序号 登录号 条形码 馆藏地/架位号 状态 备注
1 0584521   205845219   第一样本阅览室/ [索取号:F74/107] 在馆    
2 0584522   205845228   第一借阅区/ [索取号:F74/107] 在馆    
3 0584523   205845237   第一借阅区/ [索取号:F74/107] 在馆    
4 0584524   205845246   第一借阅区/ [索取号:F74/107] 在馆    
5 0584525   205845255   密集书库-海洋学院/ [索取号:F74/107] 在馆    
唐山师范学院图书馆 欢迎您!
大连网信软件有限公司© 版权所有